| 000 | 00867cam a22002774a 4500 | ||
|---|---|---|---|
| 008 | |||
| 020 | _a0132570203 (pbk.) | ||
| 049 | _aMAIN | ||
| 090 |
_aHD30.28 _bWHE |
||
| 100 | 1 | _aWheelen, Thomas L. | |
| 245 | 1 | 0 |
_aStrategic management and business policy : _btoward global sustainability / _cThomas L. Wheelen [and] J. David Hunger. |
| 250 | _a13th ed. | ||
| 260 |
_aUpper Saddle River : _bPearson, _cc2012. |
||
| 300 |
_a911 p. : _bill. ; _c26 cm. |
||
| 504 | _aIncludes bibliographical references. | ||
| 500 | _aIncludes index. | ||
| 650 | 0 | _aStrategic planning. | |
| 650 | 0 |
_aStrategic planning _vCase studies. |
|
| 650 | 0 | _aSustainability. | |
| 700 | 1 | _aHunger, J. David. | |
| 907 |
_a.b10303698 _b09-12-11 _c22-11-11 |
||
| 003 | |||
| 005 | 20230120134358.0 | ||
| 040 | _cNUST | ||
| 942 |
_cBOOKS _kHD30.28 _mWHE |
||
| 999 |
_c96691 _d96691 |
||